00667nam a2200193Ia 450000500170000000800410001702000180005804000130007608200160008910000370010524500390014226000420018130000150022354600120023865000350025094200090028595201620029499900170045620251219144125.0231207s9999 xx 000 0 und d a9780198742425 cPK-LaNCA a791.43bOXF aEdited by Nowell-Smith, Geoffrey 4aThe oxford history of world cinema bOxford University PressaOxfordc1997 axxii, 824p aEnglish aMotion pictures--History. FTV. cF&TV 0010406FTV_791_430000000000000_OXF_3108570926663aNCAbNCAcFilm & TV d2023-12-08l0oFTV 791.43 OXF 31085p31085r2023-12-08 00:00:00w2023-12-08yF&TV c26663d26663